000 00648nam a2200217 i 4500
001 9439
003 ES-MaACL
005 20230906145655.0
007 t|
008 930906s1988 sp ||||1| spa d
080 _a362.191.1
100 1 _aClemente, Josep Carles.
_939196
245 1 3 _aLa Cruz Roja en el mundo de hoy /
_cJosep Carles Clemente.
260 _a[Madrid] :
_bLaboratorios Beecham,
_cD.L. 1988.
300 _a268 p. :
_bfot. ;
_c24 cm.
490 1 _aMonografías Beecham ;
_v35
610 2 _aCruz Roja.
_93320
830 0 _aMonografías Beecham ;
_v35
_9228045
852 _aES-MaACL
_jL-16791
_bR.118942
999 _c9439
_d9439